000 00259nam a22001217a 4500
008 181204b xxu||||| |||| 00| 0 eng d
041 _aeng
080 _a316
100 _a50
101 _aSOC
245 _aChild Care Choices
_cZigler, E.F
942 _2udc
_cBK
999 _c52824
_d52824